Statistics for Liverpool - Top 10 Goalscorers by season

Click here to take the quiz!

General Stats

  • This quiz has been taken 95 times
  • The average score is 30 of 49

Answer Stats

Answer% Correct
Mohamed Salah
100%
Roberto Firmino
99%
Sadio Mané
98%
Andrew Robertson
97%
Virgil van Dijk
97%
Darwin Nunez
95%
Luis Suarez
94%
Trent Alexander-Arnold
94%
Diogo Jota
93%
Luis Diaz
92%
Jordan Henderson
91%
Cody Gakpo
87%
Philippe Coutinho
83%
Fabinho
80%
Joel Matip
80%
Daniel Sturridge
79%
Naby Keita
78%
Steven Gerrard
78%
Georginio Wijnaldum
77%
Divock Origi
76%
Xherdan Shaqiri
74%
James Milner
72%
Raheem Sterling
72%
Dejan Lovren
69%
Emre Can
68%
Martin Skrtel
63%
Curtis Jones
62%
Thiago Alcantara
62%
Cristian Benteke
59%
Dirk Kuyt
53%
Alex Oxlade-Chamberlain
52%
Daniel Agger
51%
Adam Lallana
48%
Joe Allen
45%
Mamadou Sakho
40%
Fabio Carvalho
36%
Alberto Moreno
34%
Andy Carroll
34%
Maxi Rodriguez
32%
Fabio Borini
30%
Craig Bellamy
29%
Lazar Markovic
29%
Charlie Adam
28%
Jon Flanagan
26%
Danny Ings
25%
Rickie Lambert
23%
José Enrique
20%
Stewart Downing
20%
Nathaniel Philips
8%

Score Distribution

Percentile by Number Answered

Percent of People with Each Score

Your Score History

You have not taken this quiz